000 01278nam a2200349 i 4500
001 000048273
003 DO-SdBNP
005 20250129073606.0
007 ta
008 100330t2013 dr 001 0dspa d
020 _a9789993467779
040 _aDO-SdBNP
_bspa
_cBNPHU
_erda
041 _aspa
082 4 _a923.27293
_bD812b 2013
_222
100 1 _aBalcácer, Juan Daniel,
_d1949-
_eautor
_4aut.
_96566
245 1 0 _aVicisitudes de Juan Pablo Duarte /
_cJuan Daniel Balcácer ; prólogo José del Castillo.
250 _aTercera edición
264 1 _aSanto Domingo :
_bBanco Central de la República Dominicana,
_c2013.
300 _a174 páginas ;
_c27 cm.
336 _atexto
_btxt
_2rdacontent
337 _asin mediación
_bn
_2rdamedia
338 _avolumen
_bnc
_2rdacarrier
500 _aIncluye datos biográficos del autor en las solapas.
500 _aIncluye referencias bibliográficas y notas al pie de las páginas.
500 _aIncluye índice onomástico.
590 _aInventariado, 2018/ YL
600 1 0 _aDuarte, Juan Pablo,
_d1813-1876
_91494
651 0 _aRepública Dominicana --
_xHistoria --
_y1844-1930
_91009
700 1 _aCastillo, José del,
_eprologuista
_92145
_4pr.
910 _aValidado. Control de calidad MFF
942 _2ddc
_cLBS1
999 _c47761
_d47761